000
00231nam a2200097Ia 4500
001
645280
005
20250826153620.0
008
250824s9999 xx 000 0 und d
245
0
_a
HZ ZEYNEP
_c
CİHAN AKTAŞ
260
_b
BEYAN YAYINLARI
999
_c
645280
_d
645280